00450nam a22001577a 450000500170000000800410001704000210005804100080007908200200008710000320010724500540013925000120019326000420020530000100024765000350025720211111114656.0211111b ||||| |||| 00| 0 eng d aIN-DiNCcIN-DiNC dasm a320.954162bHAT aHatiboruah, Digantaeauthor aAsomor samprotik rajneeti/cby Diganta Hatiboruah a1st ed. aGolaghat:bSaraswati prakashan,c2021 a226p. aContemporary politics in Assam